Online
Catalog

Aguadilla el pueblo que le dió la espalda al mar : (Record no. 2113)

MARC details
000 -CABECERA
campo de control de longitud fija 00748nam a2200193 a 4500
001 - NÚMERO DE CONTROL
campo de control 000002267
005 - FECHA Y HORA DE LA ÚLTIMA TRANSACCIÓN
campo de control 20200929150157.0
008 - DATOS DE LONGITUD FIJA--INFORMACIÓN GENERAL
campo de control de longitud fija 090701s2007 pr a 001 0 spa d
040 ## - FUENTE DE LA CATALOGACIÓN
Centro catalogador/agencia de origen DO-SdBNP
Lengua de catalogación spa
Centro/agencia transcriptor BNPHU
082 ## - NÚMERO DE LA CLASIFICACIÓN DECIMAL DEWEY
Número de clasificación xxxx
Número de documento/Ítem R621a
100 1# - ENTRADA PRINCIPAL--NOMBRE DE PERSONA
Nombre de persona Rivera Ruiz, Álvaro M.,
Fechas asociadas al nombre 1975-
9 (RLIN) 7222
245 10 - MENCIÓN DE TÍTULO
Título Aguadilla el pueblo que le dió la espalda al mar :
Resto del título su desarrollo social ante el cambio de soberanía de 1895 a 1900 /
Mención de responsabilidad, etc. Álvaro M. Rivera Ruiz ; corrección David Capiello.
260 ## - PUBLICACIÓN, DISTRIBUCIÓN, ETC.
Lugar de publicación, distribución, etc. San Juan, Puerto Rico :
Nombre del editor, distribuidor, etc. Isla Negra,
Fecha de publicación, distribución, etc. 2007.
300 ## - DESCRIPCIÓN FÍSICA
Extensión 142 p. :
Otras características físicas il. ;
Dimensiones 22 cm.
440 #0 - MENCIÓN DE SERIE/PUNTO DE ACCESO ADICIONAL--TÍTULO
Título Visiones y cegueras
9 (RLIN) 1120
500 ## - NOTA GENERAL
Nota general Incluye índice
651 #4 - PUNTO DE ACCESO ADICIONAL DE MATERIA--NOMBRE GEOGRÁFICO
Nombre geográfico Aguadilla (Puerto Rico{Rpara}
Subdivisión general Historia
9 (RLIN) 7223
700 1# - PUNTO DE ACCESO ADICIONAL--NOMBRE DE PERSONA
Nombre de persona Capiello, David,
Término indicativo de función/relación corr.
9 (RLIN) 7224
Holdings
Estado de retiro Estado de pérdida Restricciones de uso No para préstamo Código de colección Localización permanente Ubicación/localización actual Ubicación en estantería Fecha de adquisición Número de inventario Total de préstamos Signatura topográfica completa Código de barras Fecha visto por última vez Precio válido a partir de Tipo de ítem Koha Número de copia
      Excluido de préstamo Monografías: Libros y Folletos Patrimonio Dominicano Patrimonio Dominicano En catalogación 01.07.2009 LF1   xxxx R621a 2267-10 25.06.2020 25.06.2020 No se presta  
      Excluido de préstamo Monografías: Libros y Folletos Patrimonio Dominicano Patrimonio Dominicano En catalogación 29.11.2010 LF1   xxxx R621a 2267-20 25.06.2020 25.06.2020 No se presta e. 2

Powered by Koha